| 000 | 00000nam 2200000za 4500 |
| 001 | 9.838872 |
| 003 | CaOODSP |
| 005 | 20221107151459 |
| 007 | cr ||||||||||| |
| 008 | 170801s2004 xxca|||#o f000 0 eng d |
| 040 | |aCaOODSP|beng |
| 043 | |an-cn--- |
| 086 | 1 |aR62-521/2004E-PDF |
| 110 | 1 |aCanada.|bParks Canada. |bPerformance, Audit and Review Group. |
| 245 | 10|aPay and benefits framework |h[electronic resource] : |bpreliminary survey / |cprepared by Samson & Associates. |
| 260 | |a[S.l.] : |bParks Canada Agency, |c2004. |
| 300 | |a[44] p. in various pagings : |bcol. ill. |
| 500 | |aCover title. |
| 500 | |a"November 2004." |
| 500 | |aIssued also in French under title: Cadre de la rémunération et des avantages sociaux examen préliminaire : rapport final. |
| 520 | |a"The objective of the audit was to identify through a risk-based approach, potential areas of risk in the administration of compensation and benefits at Parks Canada"--Objective, p. 1. |
| 692 | 07|2gccst|aAudit |
| 710 | 2 |aSamson & Associates. |
| 775 | 08|tCadre de la rémunération et des avantages sociaux |w(CaOODSP)9.838873 |
| 856 | 40|qPDF|s540 KB|uhttps://publications.gc.ca/collections/collection_2017/pc/R62-521-2004-eng.pdf |